[Event "20. Obert Int. Sant Marti 2018"]
[Site "Barcelona ESP"]
[Date "2018.07.17"]
[Round "5.43"]
[White "Houzi Acharki, Hanane"]
[Black "Rodriguez Vega, Blas"]
[Result "0-1"]
[WhiteElo "1664"]
[BlackElo "1992"]
[PlyCount "138"]
[EventDate "2018.07.13"]
[EventType "swiss"]
[EventRounds "9"]
[EventCountry "ESP"]
[SourceTitle "Ajedrez en Madrid"]
[Source "lmi"]
[SourceDate "2018.07.13"]
[SourceVersion "1"]
[SourceVersionDate "2019.06.21"]
[SourceQuality "1"]

1. d4 Nf6 2. Nf3 e6 3. Bg5 Be7 4. e3 b6 5. Bd3 Bb7 6. Nbd2 d6 7. Qe2 Nbd7 8. c3
c5 9. O-O O-O 10. e4 e5 11. dxe5 dxe5 12. Rfd1 Nh5 13. Bxe7 Qxe7 14. g3 Rad8
15. a4 a5 16. Nc4 g6 17. Ne3 Nhf6 18. Qc2 Rc8 19. Nd2 Rfd8 20. f3 Ne8 21. Bc4
Nc7 22. Qb3 Kg7 23. Kf2 h5 24. h4 Qf6 25. Nd5 Bxd5 26. Bxd5 Rb8 27. Qc2 Nf8 28.
Nc4 Ne8 29. Qe2 Nd6 30. Nxd6 Rxd6 31. Rd2 Rbd8 32. Rad1 Qe7 33. Bc4 Nh7 34.
Rxd6 Rxd6 35. Rd3 Qd8 36. Qd1 Rxd3 37. Qxd3 Qxd3 38. Bxd3 Kf8 39. Ke3 Ke7 40.
Bc4 f6 41. Bd5 g5 42. f4 gxh4 43. gxh4 Nf8 44. f5 Nd7 45. Kd3 Nb8 46. Bg8 Nd7
47. Kc4 Nb8 48. Bh7 Na6 49. Bg6 Nc7 50. Bxh5 Kf8 51. Be2 Kg7 52. Bh5 Kh6 53.
Bf7 Kg7 54. Bg6 Kh6 55. b4 cxb4 56. cxb4 axb4 57. Kxb4 Na6+ 58. Kb5 Nc5 59.
Kxb6 Nxa4+ 60. Kc6 Nc3 61. Kd6 Nxe4+ 62. Ke6 Kg7 63. Kd5 Nc3+ 64. Kc4 Ne2 65.
Kd5 Nf4+ 66. Ke4 Nxg6 67. fxg6 Kxg6 68. Kf3 Kh5 69. Kg3 f5 0-1

[Event "20. Obert Int. Sant Marti 2018"]
[Site "Barcelona ESP"]
[Date "2018.07.17"]
[Round "5.44"]
[White "Albero Figueras, Emilio"]
[Black "Ghelani, Dhairya"]
[Result "1-0"]
[WhiteElo "1968"]
[BlackElo "1778"]
[PlyCount "87"]
[EventDate "2018.07.13"]
[EventType "swiss"]
[EventRounds "9"]
[EventCountry "ESP"]
[SourceTitle "Ajedrez en Madrid"]
[Source "lmi"]
[SourceDate "2018.07.13"]
[SourceVersion "1"]
[SourceVersionDate "2019.06.21"]
[SourceQuality "1"]

1. d4 Nf6 2. e3 e6 3. Bd3 b6 4. Nf3 Bb7 5. O-O Be7 6. Nbd2 O-O 7. b3 c5 8. Bb2
d6 9. Qe2 Nc6 10. a3 Rc8 11. dxc5 bxc5 12. Rad1 Qc7 13. Ng5 e5 14. f4 h6 15.
Nge4 d5 16. Nxf6+ Bxf6 17. c4 dxc4 18. Nxc4 Kh8 19. Qh5 Qe7 20. fxe5 Bg5 21.
Qg4 Rcd8 22. g3 Ba6 23. Qe4 Rxd3 24. Rxd3 Bb7 25. Qf5 Bc8 26. Qf2 Bh3 27. Rfd1
Bg4 28. h4 Bxd1 29. Rxd1 Rd8 30. Rxd8+ Qxd8 31. hxg5 Qd1+ 32. Kg2 Qxb3 33. Nd6
Qd5+ 34. e4 Qe6 35. Qxf7 Qxf7 36. Nxf7+ Kg8 37. g6 Ne7 38. Nd8 Nxg6 39. Nc6 a6
40. e6 Kf8 41. e7+ Nxe7 42. Nxe7 Kxe7 43. Bxg7 h5 44. Kf3 1-0

[Event "20. Obert Int. Sant Marti 2018"]
[Site "Barcelona ESP"]
[Date "2018.07.17"]
[Round "5.45"]
[White "Coste, Roman"]
[Black "Minko, Dmitry"]
[Result "1/2-1/2"]
[WhiteElo "1948"]
[BlackElo "2085"]
[PlyCount "136"]
[EventDate "2018.07.13"]
[EventType "swiss"]
[EventRounds "9"]
[EventCountry "ESP"]
[SourceTitle "Ajedrez en Madrid"]
[Source "lmi"]
[SourceDate "2018.07.13"]
[SourceVersion "1"]
[SourceVersionDate "2019.06.21"]
[SourceQuality "1"]

1. d4 d5 2. c4 e6 3. Nc3 Be7 4. Nf3 Nf6 5. Bf4 O-O 6. e3 Nbd7 7. Rc1 c5 8. cxd5
Nxd5 9. Nxd5 exd5 10. Bd3 cxd4 11. exd4 Bb4+ 12. Kf1 Nf6 13. h3 Ne4 14. g3 Bd6
15. Be5 Qb6 16. Bxd6 Qxd6 17. Kg2 Bf5 18. Qb3 b6 19. Rc2 Rac8 20. Rhc1 Qe6 21.
Ng1 Nd2 22. Bxf5 Qxf5 23. Rxc8 Nxb3 24. Rxf8+ Kxf8 25. axb3 Qd7 26. Rc3 f6 27.
g4 Ke8 28. Ne2 Qd6 29. f4 Kd7 30. Kf2 Qe6 31. Re3 Qc6 32. Rc3 Qb5 33. Ke3 Qb4
34. Kd2 a5 35. f5 a4 36. bxa4 Qxb2+ 37. Kd3 Qb1+ 38. Ke3 Qb4 39. Kd3 Qxa4 40.
Ke3 b5 41. Nf4 Kd6 42. Rc8 Qa3+ 43. Nd3 b4 44. Rd8+ Kc6 45. Rc8+ Kd7 46. Rb8 b3
47. Nc5+ Kc6 48. Rxb3 Qc1+ 49. Kd3 Qf1+ 50. Kd2 Qf2+ 51. Kd3 Qg2 52. Rc3 Qxh3+
53. Kc2 Qg2+ 54. Kb3 Qxg4 55. Ne6+ Kd6 56. Kb4 Qxf5 57. Nxg7 Qg6 58. Rg3 Qb1+
59. Rb3 Qe4 60. Kb5 Ke7 61. Re3 Kd6 62. Rxe4 dxe4 63. Kc4 h6 64. Nf5+ Ke6 65.
Nxh6 f5 66. d5+ Ke5 67. Nf7+ Kf6 68. Nd6 e3 1/2-1/2

[Event "20. Obert Int. Sant Marti 2018"]
[Site "Barcelona ESP"]
[Date "2018.07.17"]
[Round "5.46"]
[White "Oualili, Abdelali"]
[Black "Borrellas Comellas, Josep"]
[Result "0-1"]
[WhiteElo "1887"]
[BlackElo "2080"]
[PlyCount "120"]
[EventDate "2018.07.13"]
[EventType "swiss"]
[EventRounds "9"]
[EventCountry "ESP"]
[SourceTitle "Ajedrez en Madrid"]
[Source "lmi"]
[SourceDate "2018.07.13"]
[SourceVersion "1"]
[SourceVersionDate "2019.06.21"]
[SourceQuality "1"]

1. e4 e5 2. Nf3 Nc6 3. Bb5 Nf6 4. O-O Bc5 5. d3 d6 6. Bg5 h6 7. Bh4 Bg4 8. c3
O-O 9. a4 a5 10. h3 Bh5 11. g4 Bg6 12. Bc4 Bb6 13. Na3 Nb8 14. Nc2 Nbd7 15. Ne3
c6 16. Nf5 Bc7 17. g5 hxg5 18. Bxg5 d5 19. Bb3 Nc5 20. Bc2 dxe4 21. Bxf6 Qxf6
22. dxe4 Nxe4 23. N5h4 Bh7 24. Qe2 Ng5 25. Bxh7+ Kxh7 26. Kh1 Nxh3 27. Qe4+ g6
28. Qg4 Nf4 29. Ng5+ Kg7 30. Rfd1 Bd8 31. Nhf3 Rh8+ 32. Kg1 Rh5 33. Ne4 Qf5 34.
Qxf5 Rxf5 35. Ng3 Ne2+ 36. Nxe2 Rxf3 37. Kg2 Rf5 38. Rd7 Bh4 39. f4 b5 40. axb5
cxb5 41. Rad1 g5 42. Kf3 exf4 43. Kg4 Re5 44. Nd4 Kg6 45. Rd6+ f6 46. Nf3 Re2
47. Nxh4+ gxh4 48. Kf3 Rxb2 49. Kxf4 Rf2+ 50. Ke3 Rf5 51. Rg1+ Kf7 52. Ke4 Re5+
53. Kd4 Ke7 54. Rd5 Rxd5+ 55. Kxd5 Kf7 56. Rb1 a4 57. Kc5 a3 58. Ra1 a2 59.
Kxb5 h3 60. Kb6 h2 0-1

[Event "20. Obert Int. Sant Marti 2018"]
[Site "Barcelona ESP"]
[Date "2018.07.17"]
[Round "5.47"]
[White "Palacin Martin, Ricardo"]
[Black "Bernat, Ernest"]
[Result "1-0"]
[WhiteElo "2044"]
[BlackElo "1880"]
[PlyCount "125"]
[EventDate "2018.07.13"]
[EventType "swiss"]
[EventRounds "9"]
[EventCountry "ESP"]
[SourceTitle "Ajedrez en Madrid"]
[Source "lmi"]
[SourceDate "2018.07.13"]
[SourceVersion "1"]
[SourceVersionDate "2019.06.21"]
[SourceQuality "1"]

1. e4 c5 2. d3 Nc6 3. g3 Nf6 4. Bg2 d5 5. exd5 Nxd5 6. Nc3 e6 7. Nf3 Be7 8. O-O
O-O 9. Re1 Nxc3 10. bxc3 Bf6 11. Qd2 Rb8 12. a4 Re8 13. Bb2 b5 14. axb5 Rxb5
15. Ra2 Qb6 16. Ba1 Rb1 17. Rd1 e5 18. Qe1 Rxd1 19. Qxd1 c4 20. Nd2 Be6 21. Rb2
Qa6 22. Qb1 cxd3 23. cxd3 h6 24. c4 Qc8 25. Rb5 Bh3 26. Bd5 Ne7 27. Bb7 Qc7 28.
Bc3 Ng6 29. Ne4 Be7 30. Bd5 Bc8 31. Ba5 Qd7 32. Qd1 Ba6 33. Rb1 Rc8 34. Qf3 Bf8
35. Bd2 Qe7 36. Qf5 Nh8 37. Bc3 Re8 38. Qf3 Bc8 39. Bc6 Bd7 40. Rb7 Rd8 41.
Rxa7 Qe8 42. Rxd7 Rxd7 43. Bxd7 Qxd7 44. Bxe5 Ng6 45. Bc3 f5 46. Nd2 Bc5 47.
Nb3 Be7 48. d4 Kh7 49. d5 Qa4 50. Nd2 Bg5 51. Qd3 Bxd2 52. Bxd2 Qd1+ 53. Kg2 h5
54. Qxf5 Qxd2 55. Qxh5+ Qh6 56. Qxh6+ gxh6 57. f4 Ne7 58. Kf3 Kg7 59. Ke4 Kf6
60. g4 Ng8 61. h4 Ke7 62. g5 hxg5 63. fxg5 1-0

[Event "20. Obert Int. Sant Marti 2018"]
[Site "Barcelona ESP"]
[Date "2018.07.17"]
[Round "5.48"]
[White "Haak, Eelco"]
[Black "Martinez Aguero, Francisco"]
[Result "1-0"]
[WhiteElo "2015"]
[BlackElo "1504"]
[PlyCount "75"]
[EventDate "2018.07.13"]
[EventType "swiss"]
[EventRounds "9"]
[EventCountry "ESP"]
[SourceTitle "Ajedrez en Madrid"]
[Source "lmi"]
[SourceDate "2018.07.13"]
[SourceVersion "1"]
[SourceVersionDate "2019.06.21"]
[SourceQuality "1"]

1. d4 d5 2. Nf3 c6 3. g3 Nf6 4. Bg2 Bg4 5. O-O e6 6. c4 Be7 7. Nc3 Nbd7 8. b3
O-O 9. h3 Bh5 10. g4 Bg6 11. Nh4 Ne4 12. Nxg6 Nxc3 13. Nxe7+ Qxe7 14. Qc2 Ne4
15. Bxe4 dxe4 16. Qxe4 Rfe8 17. Bb2 Qh4 18. Qg2 Qg5 19. f4 Qe7 20. e4 f6 21. e5
f5 22. gxf5 exf5 23. Rad1 b6 24. Qxc6 Nf8 25. Rd3 Ne6 26. Qg2 Rad8 27. d5 Nc5
28. Ba3 Qf7 29. Bxc5 bxc5 30. Qf2 Qc7 31. d6 Qa5 32. Rd5 Qc3 33. Qf3 Qa5 34.
Rf2 Re6 35. Qe3 Qb4 36. Rg2 Rh6 37. e6 Qa5 38. e7 1-0

[Event "20. Obert Int. Sant Marti 2018"]
[Site "Barcelona ESP"]
[Date "2018.07.17"]
[Round "5.49"]
[White "Riu Lopez, Daniel"]
[Black "Garcia Ruiz, Adrian"]
[Result "1-0"]
[WhiteElo "1920"]
[BlackElo "1995"]
[PlyCount "123"]
[EventDate "2018.07.13"]
[EventType "swiss"]
[EventRounds "9"]
[EventCountry "ESP"]
[SourceTitle "Ajedrez en Madrid"]
[Source "lmi"]
[SourceDate "2018.07.13"]
[SourceVersion "1"]
[SourceVersionDate "2019.06.21"]
[SourceQuality "1"]

1. e4 c5 2. Nc3 Nc6 3. f4 g6 4. Nf3 Bg7 5. Bc4 d6 6. O-O Nf6 7. d3 O-O 8. Qe1
Bg4 9. Ne2 Bxf3 10. Rxf3 e6 11. Bb3 Nd4 12. Nxd4 cxd4 13. Qh4 d5 14. e5 Nd7 15.
Qf2 Qb6 16. Rh3 Rfd8 17. Qh4 Nf8 18. g4 Rac8 19. Bd2 Rd7 20. Re1 a5 21. Kh1
Rdc7 22. f5 exf5 23. gxf5 gxf5 24. Rg1 Ng6 25. Qxh7+ Kf8 26. e6 Qxe6 27. Bxa5
Rc6 28. Bb4+ Rc5 29. Re1 Qb6 30. Bxc5+ Qxc5 31. Rf3 f4 32. h4 Qa5 33. Rg1 Be5
34. h5 Ke7 35. Qh6 Rh8 36. Qg5+ Bf6 37. Qg2 Rxh5+ 38. Rh3 Re5 39. Qf2 Re3 40.
Rh5 Be5 41. Rh7 Ke6 42. Qh2 Qd8 43. Qh5 Qf6 44. Qg4+ Kd6 45. Qc8 f3 46. Qb8+
Kc6 47. Qe8+ Kd6 48. Qb8+ Kc5 49. Qc8+ Kd6 50. Qxb7 Ne7 51. Qb8+ Ke6 52. Qb6+
Bd6 53. Rh3 f2 54. Rxe3+ dxe3 55. Qxe3+ Be5 56. Qh3+ Kd6 57. Rf1 Qf4 58. Kg2
Bd4 59. Qg3 Qxg3+ 60. Kxg3 Nf5+ 61. Kf4 Ne7 62. c3 1-0

[Event "20. Obert Int. Sant Marti 2018"]
[Site "Barcelona ESP"]
[Date "2018.07.17"]
[Round "5.50"]
[White "Llorens Gou, Juan"]
[Black "Jijo, Joy"]
[Result "0-1"]
[WhiteElo "1717"]
[BlackElo "1969"]
[PlyCount "176"]
[EventDate "2018.07.13"]
[EventType "swiss"]
[EventRounds "9"]
[EventCountry "ESP"]
[SourceTitle "Ajedrez en Madrid"]
[Source "lmi"]
[SourceDate "2018.07.13"]
[SourceVersion "1"]
[SourceVersionDate "2019.06.21"]
[SourceQuality "1"]

1. d4 Nf6 2. Bf4 g6 3. Nf3 Bg7 4. e3 O-O 5. Be2 h6 6. h3 d5 7. O-O c5 8. c3 Nc6
9. Nbd2 Nd7 10. Bh2 e5 11. dxe5 Ndxe5 12. Nxe5 Nxe5 13. Nf3 Nc6 14. Qd2 Be6 15.
Rfd1 Qb6 16. Qc2 Rac8 17. Qb3 Qxb3 18. axb3 Rfd8 19. Bb5 a6 20. Bxc6 Rxc6 21.
Ne5 Rcc8 22. Kf1 d4 23. exd4 Bxb3 24. Rd2 cxd4 25. cxd4 Rc2 26. Rad1 Rcc8 27.
Ra1 Rd5 28. f4 Bc4+ 29. Kf2 Bb5 30. Kf3 Rcd8 31. Bg1 Bxe5 32. fxe5 Rxe5 33. Rc1
Bc6+ 34. Kg3 Rg5+ 35. Kh2 Rgd5 36. Re1 R8d7 37. Bf2 a5 38. Ra1 a4 39. Re2 Rd8
40. Re7 Kf8 41. Ree1 R8d7 42. Kg1 Rg5 43. g3 b5 44. Kh2 Rf5 45. Kg1 Bd5 46.
Rac1 Bc4 47. Kg2 Bd5+ 48. Kg1 Bc4 49. Be3 Kg7 50. Bf2 Rf3 51. Kg2 Bd5 52. Kg1
b4 53. Rc8 a3 54. bxa3 bxa3 55. Ra1 a2 56. Rc2 Rb7 57. Rcxa2 Bxa2 58. Rxa2 Rbb3
59. Rd2 Rbd3 60. Re2 h5 61. h4 Kf6 62. Kg2 Kg7 63. Re7 Kh6 64. Re2 f6 65. Rc2
g5 66. hxg5+ Kxg5 67. Re2 f5 68. Rc2 Rc3 69. Re2 Rfd3 70. Rb2 Rc7 71. Re2 Rdc3
72. Re1 Rc2 73. Kf3 R7c3+ 74. Kg2 Rd3 75. Kg1 Kg4 76. Rf1 Rdd2 77. d5 Rxd5 78.
Be1 Rd1 79. Rf4+ Kg5 80. Rf1 Re2 81. Bf2 Rxf1+ 82. Kxf1 Rc2 83. Kg1 Kg4 84. Kf1
Kf3 85. Be1 Rc1 86. g4 hxg4 87. Kg1 g3 88. Kf1 g2+ 0-1

[Event "20. Obert Int. Sant Marti 2018"]
[Site "Barcelona ESP"]
[Date "2018.07.17"]
[Round "5.51"]
[White "Tateo, Ida"]
[Black "Nigalidze, Zviad"]
[Result "0-1"]
[WhiteElo "1220"]
[BlackElo "1968"]
[PlyCount "80"]
[EventDate "2018.07.13"]
[EventType "swiss"]
[EventRounds "9"]
[EventCountry "ESP"]
[SourceTitle "Ajedrez en Madrid"]
[Source "lmi"]
[SourceDate "2018.07.13"]
[SourceVersion "1"]
[SourceVersionDate "2019.06.21"]
[SourceQuality "1"]

1. e4 c5 2. Nf3 Nc6 3. d4 cxd4 4. Nxd4 Nf6 5. Nc3 e5 6. Ndb5 d6 7. Bg5 Be7 8.
Bxf6 Bxf6 9. Nd5 O-O 10. h4 Be6 11. c4 Bxd5 12. cxd5 Nd4 13. Nxd4 exd4 14. Rc1
Re8 15. Bd3 Qa5+ 16. Qd2 Qxd5 17. O-O Qh5 18. Rc7 Qxh4 19. Rxb7 Re5 20. g3 Rg5
21. Be2 Be5 22. Bf3 Bf4 23. Qc2 Bxg3 24. fxg3 Qxg3+ 25. Bg2 f6 26. Rd1 Qe3+ 27.
Qf2 Qxe4 28. Rxd4 Qxb7 29. Kf1 Qxg2+ 30. Qxg2 Rxg2 31. Kxg2 Rd8 32. Ra4 Rd7 33.
Kf3 Kf7 34. Rh4 h6 35. Rh5 d5 36. Ke3 Kg6 37. Rh4 Kg5 38. Ra4 f5 39. b4 d4+ 40.
Kd3 f4 0-1

[Event "20. Obert Int. Sant Marti 2018"]
[Site "Barcelona ESP"]
[Date "2018.07.17"]
[Round "5.52"]
[White "Rusconi, Benito"]
[Black "Claramunt Bassegoda, Marcel"]
[Result "1/2-1/2"]
[WhiteElo "1981"]
[BlackElo "1894"]
[PlyCount "25"]
[EventDate "2018.07.13"]
[EventType "swiss"]
[EventRounds "9"]
[EventCountry "ESP"]
[SourceTitle "Ajedrez en Madrid"]
[Source "lmi"]
[SourceDate "2018.07.13"]
[SourceVersion "1"]
[SourceVersionDate "2019.06.21"]
[SourceQuality "1"]

1. e4 e5 2. Nf3 Nc6 3. d4 exd4 4. Nxd4 Nf6 5. Nxc6 bxc6 6. e5 Qe7 7. Qe2 Nd5 8.
c4 Ba6 9. Nd2 g6 10. Ne4 Qb4+ 11. Kd1 O-O-O 12. Qd2 Qxd2+ 13. Bxd2 1/2-1/2

[Event "20. Obert Int. Sant Marti 2018"]
[Site "Barcelona ESP"]
[Date "2018.07.17"]
[Round "5.53"]
[White "Riu Lopez, Sergi"]
[Black "Ji, Pablo"]
[Result "1-0"]
[WhiteElo "1932"]
[BlackElo "1774"]
[PlyCount "137"]
[EventDate "2018.07.13"]
[EventType "swiss"]
[EventRounds "9"]
[EventCountry "ESP"]
[SourceTitle "Ajedrez en Madrid"]
[Source "lmi"]
[SourceDate "2018.07.13"]
[SourceVersion "1"]
[SourceVersionDate "2019.06.21"]
[SourceQuality "1"]

1. e4 c5 2. c3 d6 3. d4 cxd4 4. cxd4 Nf6 5. Nc3 Nbd7 6. Nf3 e6 7. Bd3 Be7 8.
O-O O-O 9. Qe2 a6 10. e5 dxe5 11. dxe5 Ne8 12. Qe4 g6 13. Bc2 Nc5 14. Qe2 Qc7
15. Rd1 b5 16. Ne4 Nxe4 17. Bxe4 Bb7 18. Bh6 Bxe4 19. Bxf8 Bxf8 20. Qxe4 Rb8
21. Rac1 Qa7 22. Nd4 Rd8 23. Nc6 Rxd1+ 24. Rxd1 Qc5 25. g3 Nc7 26. Nd4 Nd5 27.
Nb3 Qc7 28. Rc1 Qd7 29. Nc5 Qa7 30. Nd3 Qd7 31. Nf4 Nxf4 32. Qxf4 Be7 33. Qf3
Kg7 34. Qc6 Qd2 35. Qc3 Qd5 36. b3 Ba3 37. Rc2 Qd1+ 38. Kg2 Qd5+ 39. Qf3 Qd7
40. Rc6 a5 41. Ra6 Bb4 42. Qf6+ Kg8 43. Ra8+ Bf8 44. Qd8 Qxd8 45. Rxd8 Kg7 46.
Rb8 b4 47. Rb5 g5 48. Rxa5 Kg6 49. Kf3 h5 50. Ke4 g4 51. Kd4 Be7 52. Ra7 Bg5
53. Ke4 Bd2 54. a4 bxa3 55. Rxa3 Bb4 56. Ra4 Bc5 57. f4 gxf3 58. Kxf3 Bb6 59.
Ke4 Bg1 60. h3 Bf2 61. Kf3 Bb6 62. b4 Kf5 63. b5 Kxe5 64. Rh4 Kf6 65. Rxh5 Kg6
66. Rh8 f5 67. Rb8 Bc7 68. Rc8 Be5 69. b6 1-0

[Event "20. Obert Int. Sant Marti 2018"]
[Site "Barcelona ESP"]
[Date "2018.07.17"]
[Round "5.54"]
[White "Romero Gamez, Francisco Javier"]
[Black "Lorenzo Martinez, Ruben"]
[Result "0-1"]
[WhiteElo "1540"]
[BlackElo "1846"]
[PlyCount "61"]
[EventDate "2018.07.13"]
[EventType "swiss"]
[EventRounds "9"]
[EventCountry "ESP"]
[SourceTitle "Ajedrez en Madrid"]
[Source "lmi"]
[SourceDate "2018.07.13"]
[SourceVersion "1"]
[SourceVersionDate "2019.06.21"]
[SourceQuality "1"]

1. e4 c5 2. Nf3 d6 3. d4 cxd4 4. Nxd4 a6 5. Nc3 Nf6 6. Bg5 Nbd7 7. f4 e6 8. Qf3
Be7 9. O-O-O Qc7 10. g4 b5 11. Bxf6 Bxf6 12. Bxb5 Bxd4 13. Bxd7+ Bxd7 14. Rxd4
Rb8 15. f5 Qb6 16. fxe6 Bxe6 17. Rhd1 Qxb2+ 18. Kd2 Qa3 19. Rd3 Qc5 20. Qg3 O-O
21. Rxd6 Rfd8 22. Rxd8+ Rxd8+ 23. Ke1 Rc8 24. Rd3 h6 25. Kd2 Qg5+ 26. Re3 Rd8+
27. Ke1 Bc4 28. h4 Qc5 29. g5 Qa3 30. gxh6 Qc1+ 31. Kf2 0-1

[Event "20. Obert Int. Sant Marti 2018"]
[Site "Barcelona ESP"]
[Date "2018.07.17"]
[Round "5.55"]
[White "Casaponsa Puig, Gaieta"]
[Black "Robert, Thibaud"]
[Result "1-0"]
[WhiteElo "1818"]
[BlackElo "1830"]
[PlyCount "71"]
[EventDate "2018.07.13"]
[EventType "swiss"]
[EventRounds "9"]
[EventCountry "ESP"]
[SourceTitle "Ajedrez en Madrid"]
[Source "lmi"]
[SourceDate "2018.07.13"]
[SourceVersion "1"]
[SourceVersionDate "2019.06.21"]
[SourceQuality "1"]

1. d4 g6 2. c4 Bg7 3. e3 c5 4. Nc3 f5 5. Nf3 Nf6 6. d5 d6 7. Bd3 Nbd7 8. O-O
Ng4 9. Qc2 Nde5 10. Be2 e6 11. h3 Nxf3+ 12. Bxf3 Ne5 13. Be2 O-O 14. f4 Nf7 15.
Bd2 e5 16. e4 exf4 17. exf5 Bxf5 18. Qb3 Bd4+ 19. Kh1 g5 20. Nb5 Be5 21. Bd3
Qd7 22. Bxf5 Qxf5 23. Nc7 Rab8 24. Rae1 h5 25. Ne6 Rfe8 26. Qd1 Qg6 27. Bc3
Bxc3 28. bxc3 Ne5 29. Qe2 Re7 30. Qe4 Qf6 31. h4 g4 32. Qxf4 Qxh4+ 33. Kg1 Rf7
34. Qe4 Nf3+ 35. Rxf3 gxf3 36. Qxh4 1-0

[Event "20. Obert Int. Sant Marti 2018"]
[Site "Barcelona ESP"]
[Date "2018.07.18"]
[Round "6.1"]
[White "Guseinov, Gadir"]
[Black "Cuartas, Jaime Alexander"]
[Result "1/2-1/2"]
[WhiteElo "2654"]
[BlackElo "2508"]
[PlyCount "40"]
[EventDate "2018.07.13"]
[EventType "swiss"]
[EventRounds "9"]
[EventCountry "ESP"]
[SourceTitle "Ajedrez en Madrid"]
[Source "lmi"]
[SourceDate "2018.07.13"]
[SourceVersion "1"]
[SourceVersionDate "2019.06.21"]
[SourceQuality "1"]

1. e4 e5 2. Nf3 Nc6 3. Bb5 a6 4. Ba4 Nf6 5. O-O b5 6. Bb3 Bb7 7. Re1 Be7 8. d4
d6 9. c3 O-O 10. h3 Re8 11. d5 Nb8 12. Nbd2 Nbd7 13. Nf1 Nc5 14. Bc2 c6 15. b4
Ncd7 16. dxc6 Bxc6 17. Ng3 Bf8 18. Nf5 d5 19. exd5 Bxd5 20. Ne3 Bb7 1/2-1/2

[Event "20. Obert Int. Sant Marti 2018"]
[Site "Barcelona ESP"]
[Date "2018.07.18"]
[Round "6.6"]
[White "Krysa, Leandro"]
[Black "Mitrabha, Guha"]
[Result "0-1"]
[WhiteElo "2533"]
[BlackElo "2299"]
[PlyCount "138"]
[EventDate "2018.07.13"]
[EventType "swiss"]
[EventRounds "9"]
[EventCountry "ESP"]
[SourceTitle "Ajedrez en Madrid"]
[Source "lmi"]
[SourceDate "2018.07.13"]
[SourceVersion "1"]
[SourceVersionDate "2019.06.21"]
[SourceQuality "1"]

1. d4 Nf6 2. c4 Nc6 3. Nf3 e6 4. g3 Bb4+ 5. Bd2 Qe7 6. e3 Ne4 7. Bg2 Nxd2 8.
Nfxd2 Bxd2+ 9. Qxd2 Qb4 10. Qxb4 Nxb4 11. Kd2 a5 12. Kc3 d6 13. Nd2 Nc6 14. b3
Bd7 15. a3 Ke7 16. b4 Ra7 17. b5 Nd8 18. Rab1 b6 19. c5 dxc5 20. dxc5 bxc5 21.
a4 Bc8 22. Nb3 Bb7 23. f3 Ba8 24. Rhd1 Nb7 25. e4 f6 26. h4 Rb8 27. Rb2 c4 28.
Kxc4 Nd6+ 29. Kc3 c6 30. Rbd2 cxb5 31. Nxa5 Rc7+ 32. Kd3 bxa4 33. Ke3 Nb5 34.
Ra1 Nc3 35. Bf1 a3 36. Rc2 Nd5+ 37. Kd2 Rxc2+ 38. Kxc2 Rb2+ 39. Kd3 Nb4+ 40.
Kc3 Na2+ 41. Kc4 f5 42. Bd3 e5 43. Kc5 Nb4 44. Rxa3 Nxd3+ 45. Rxd3 fxe4 46.
fxe4 Bxe4 47. Re3 Rc2+ 48. Kb4 Bd5 49. Rxe5+ Kd6 50. Rg5 Rc7 51. Kb5 h6 52.
Rg6+ Ke5 53. Kb6 Rf7 54. Kc5 Rc7+ 55. Kb6 Rd7 56. Nc6+ Kf5 57. h5 Bf3 58. g4+
Bxg4 59. Rxg4 Kxg4 60. Ne5+ Kxh5 61. Nxd7 Kg4 62. Kc5 h5 63. Kd4 Kg3 64. Ke3 h4
65. Nc5 h3 66. Ne4+ Kg2 67. Kf4 h2 68. Ng3 g6 69. Kg4 g5 0-1

[Event "20. Obert Int. Sant Marti 2018"]
[Site "Barcelona ESP"]
[Date "2018.07.18"]
[Round "6.11"]
[White "Serarols Mabras, Bernat"]
[Black "Alarcon Casellas, Rolando"]
[Result "1/2-1/2"]
[WhiteElo "2269"]
[BlackElo "2389"]
[PlyCount "31"]
[EventDate "2018.07.13"]
[EventType "swiss"]
[EventRounds "9"]
[EventCountry "ESP"]
[SourceTitle "Ajedrez en Madrid"]
[Source "lmi"]
[SourceDate "2018.07.13"]
[SourceVersion "1"]
[SourceVersionDate "2019.06.21"]
[SourceQuality "1"]

1. d4 d5 2. c4 c6 3. Nf3 Nf6 4. e3 Bf5 5. Nc3 e6 6. Nh4 Be4 7. f3 Bg6 8. Qb3
Qb6 9. Nxg6 hxg6 10. Bd2 Nbd7 11. g3 Qc7 12. Kf2 Bd6 13. Kg2 O-O-O 14. Be2 dxc4
15. Qxc4 Kb8 16. e4 1/2-1/2

[Event "20. Obert Int. Sant Marti 2018"]
[Site "Barcelona ESP"]
[Date "2018.07.18"]
[Round "6.12"]
[White "Gonzales, Jayson"]
[Black "Deepak, Katiyar"]
[Result "1-0"]
[WhiteElo "2367"]
[BlackElo "2108"]
[PlyCount "105"]
[EventDate "2018.07.13"]
[EventType "swiss"]
[EventRounds "9"]
[EventCountry "ESP"]
[SourceTitle "Ajedrez en Madrid"]
[Source "lmi"]
[SourceDate "2018.07.13"]
[SourceVersion "1"]
[SourceVersionDate "2019.06.21"]
[SourceQuality "1"]

1. Nf3 Nf6 2. c4 e6 3. g3 d5 4. Bg2 Be7 5. O-O O-O 6. b3 c5 7. Bb2 Nc6 8. e3 b6
9. Qe2 Bb7 10. Rd1 Qc7 11. Nc3 dxc4 12. bxc4 Rfd8 13. Rac1 a6 14. d4 Na5 15.
Nb1 Rac8 16. Nbd2 Bc6 17. dxc5 bxc5 18. Be5 Qa7 19. Bc3 Qc7 20. Be5 Qa7 21. Bc3
Qc7 22. e4 Ba4 23. Re1 Nc6 24. e5 Nd7 25. a3 Rb8 26. h4 h6 27. Qe3 Na5 28. Bf1
Nc6 29. Qf4 Nf8 30. Ne4 Ng6 31. Qg4 Bb3 32. Ned2 Nd4 33. h5 Nf8 34. Re4 Nxf3+
35. Qxf3 Ba4 36. Rg4 Bg5 37. Qe2 Bxd2 38. Bxd2 Rb2 39. Ba5 Qb8 40. Qe3 Bd1 41.
Rh4 Rd7 42. Bg2 Rb1 43. Rxb1 Qxb1 44. Kh2 Qb3 45. Qxc5 Bf3 46. Bb4 Rd8 47. Qe7
Rc8 48. Rd4 Bxg2 49. Kxg2 a5 50. Bxa5 Qb8 51. Bb4 Qxe5 52. Rd8 Qe4+ 53. Kh2 1-0

[Event "20. Obert Int. Sant Marti 2018"]
[Site "Barcelona ESP"]
[Date "2018.07.18"]
[Round "6.13"]
[White "Ruperez, Miguel"]
[Black "Grafl, Florian"]
[Result "0-1"]
[WhiteElo "2226"]
[BlackElo "2364"]
[PlyCount "90"]
[EventDate "2018.07.13"]
[EventType "swiss"]
[EventRounds "9"]
[EventCountry "ESP"]
[SourceTitle "Ajedrez en Madrid"]
[Source "lmi"]
[SourceDate "2018.07.13"]
[SourceVersion "1"]
[SourceVersionDate "2019.06.21"]
[SourceQuality "1"]

1. d4 b6 2. e4 Bb7 3. Bd3 Nf6 4. Qe2 e6 5. Nf3 d5 6. e5 Nfd7 7. Bg5 Qc8 8. O-O
c5 9. c3 h6 10. Be3 Be7 11. Ne1 Nc6 12. a3 c4 13. Bc2 b5 14. f4 g6 15. Nd2 Qc7
16. Nef3 Nb6 17. b3 cxb3 18. Bxb3 a5 19. Bc2 a4 20. Rfb1 Na7 21. Ne1 Qxc3 22.
Bd3 Nc4 23. Rc1 Qa5 24. Nc2 Ba6 25. Nf1 Nc6 26. Bf2 Qb6 27. Rcb1 Qa7 28. g4 Kd7
29. f5 gxf5 30. gxf5 Rag8+ 31. Kh1 h5 32. fxe6+ fxe6 33. Ng3 Qa8 34. Rg1 Qe8
35. Nf5 exf5 36. Bxf5+ Kc7 37. Be6 Rxg1+ 38. Rxg1 Bb7 39. Rg7 Kb8 40. Qf3 Nd8
41. Bxd5 Rf8 42. Qe4 Bxd5 43. Qxd5 Rxf2 44. Nb4 Rf1+ 45. Kg2 Ne3+ 0-1

[Event "20. Obert Int. Sant Marti 2018"]
[Site "Barcelona ESP"]
[Date "2018.07.18"]
[Round "6.14"]
[White "Chernyak, Viktoria"]
[Black "Cori Quispe, Kevin Joel"]
[Result "0-1"]
[WhiteElo "2206"]
[BlackElo "2487"]
[PlyCount "56"]
[EventDate "2018.07.13"]
[EventType "swiss"]
[EventRounds "9"]
[EventCountry "ESP"]
[SourceTitle "Ajedrez en Madrid"]
[Source "lmi"]
[SourceDate "2018.07.13"]
[SourceVersion "1"]
[SourceVersionDate "2019.06.21"]
[SourceQuality "1"]

1. Nf3 Nf6 2. c4 e6 3. Nc3 Bb4 4. Qb3 c5 5. a3 Ba5 6. g3 Nc6 7. Bg2 O-O 8. O-O
d5 9. cxd5 exd5 10. d3 h6 11. Bf4 Re8 12. Rac1 b6 13. Qd1 Bg4 14. Na2 g5 15.
Be3 d4 16. Bd2 Bxd2 17. Qxd2 Rc8 18. b4 Ne5 19. Rc2 Nxf3+ 20. exf3 Bf5 21. Rfc1
Qd6 22. Bf1 Nd7 23. Be2 Re7 24. bxc5 bxc5 25. Rb1 Rce8 26. Nc1 Rxe2 27. Nxe2
Ne5 28. Kg2 Nxf3 0-1